000 00217nam a22000857a 4500
008 161213b xxu||||| |||| 00| 0 eng d
100 _92042
_aPillai.R.
245 _aCorporate Chanakya
260 _aAustralia
_bACER Press
_c2013
999 _c4916
_d4916